00628nam a2200217Ia 450000500170000000800410001704000190005804100120007708200160008910000190010524500540012426000270017830000110020550400190021665000150023570000230025085000110027394200070028499900170029195201020030820240322151027.0131103s9999 xx 000 0 und d aLoreto College aEnglish a155.4 bILG aIlg, Frances L aChild BehaviorcFrances L Ilg & Louise Bates Ames aNew YorkbHarperc1955 a364p.  aIncludes index aPsychology aAmes, Louise Bates aLCBED  cBK c26699d77178 00102ddc4070aMAINbMAINd2013-11-04l0o155.4 ILG 508pB29541r2013-11-04w2013-11-04yBKf